<?xml version="1.0" encoding="UTF-8"?>
<collection xmlns="http://www.loc.gov/MARC21/slim">
 <record>
  <leader>01265pamaa2200241   4500</leader>
  <controlfield tag="001">0000050219</controlfield>
  <controlfield tag="005">20130815090000.0</controlfield>
  <controlfield tag="008">120619s2010                             eng  </controlfield>
  <datafield tag="020" ind1="0" ind2="0">
   <subfield code="a">9781607147169 (pbk.) </subfield>
  </datafield>
  <datafield tag="090" ind1="0" ind2="0">
   <subfield code="a">RB155 </subfield>
   <subfield code="b">MAR 2010</subfield>
  </datafield>
  <datafield tag="100" ind1="1" ind2="0">
   <subfield code="a">Marion </subfield>
  </datafield>
  <datafield tag="245" ind1="1" ind2="0">
   <subfield code="a">Genetics rounds : </subfield>
   <subfield code="b">a doctor's memorable encounters in the field that has revolutionized medicine  </subfield>
   <subfield code="c">Robert Marion.</subfield>
  </datafield>
  <datafield tag="260" ind1="0" ind2="0">
   <subfield code="a">New York: </subfield>
   <subfield code="b">Kaplan Pub., </subfield>
   <subfield code="c">2010.</subfield>
  </datafield>
  <datafield tag="300" ind1=" " ind2=" ">
   <subfield code="a">xxvi, 278p.: </subfield>
   <subfield code="b">ill.; </subfield>
   <subfield code="c">21 cm.</subfield>
  </datafield>
  <datafield tag="440" ind1="0" ind2="0">
   <subfield code="a">Advanced readers ed</subfield>
  </datafield>
  <datafield tag="501" ind1="0" ind2="0">
   <subfield code="a">FMHS</subfield>
  </datafield>
  <datafield tag="504" ind1="0" ind2="0">
   <subfield code="a">Includes bibliographical references and index</subfield>
  </datafield>
  <datafield tag="505" ind1="0" ind2="0">
   <subfield code="a">Failing A.C.. A case of abuse -- The reunion -- Scotty's funeral -- Andrew's parents -- September 11, 3 PM. -- Relics -- The baby who stopped eating -- The Christmas present -- Erin, before I knew her -- No sweat! -- The skeleton in Mr. Anderson's closet -- The right place, the right time -- &quot;Something's bothering me about this baby&quot; -- Two Miracles, one year later --  Three Pictures -- Aging rapidly in the Bronx</subfield>
  </datafield>
  <datafield tag="600" ind1="1" ind2="0">
   <subfield code="a">Marion, </subfield>
   <subfield code="h">Robert</subfield>
  </datafield>
  <datafield tag="650" ind1="0" ind2="0">
   <subfield code="a">Medical genetics -- </subfield>
   <subfield code="x">Biography -- </subfield>
   <subfield code="z">United States </subfield>
  </datafield>
  <datafield tag="650" ind1="0" ind2="0">
   <subfield code="a">Genetics, Medical -- </subfield>
   <subfield code="x">Personal Narratives </subfield>
  </datafield>
  <datafield tag="650" ind1="0" ind2="0">
   <subfield code="a">Physicians -- </subfield>
   <subfield code="x">Personal Narratives </subfield>
  </datafield>
  <datafield tag="901" ind1=" " ind2=" ">
   <subfield code="u">www.kaplanpublishing.com</subfield>
  </datafield>
 </record>
</collection>
